000 00870nas a2200253 4500
001 BR8101031
003 BR-BrBNA
005 20231205084535.0
007 ta
008 230509b bl.|||p| |||| 00| 00por d
040 _aBR-BrBNA
_bpor
_cBiblioteca Nacional de Agricultura
041 _a(Pt)
072 _aF70; F50
100 1 _aParraga, M.S.
100 1 _aCardoso, M.R. de O.
245 1 _aBotanica, taxonomia e especies cultivadas de batata [Solanum tuberosum]
246 1 _a[Botany, taxonomy and cultivated species of potato [Solanum tuberosum]]
650 _aTaxonomia vegetal
650 _aEstrutura vegetal
650 _aBatata
773 0 _tInforme Agropecuario - Empresa de Pesquisa Agropecuaria de Minas Gerais (Brazil)
_xISSN 0100-3364
_g(Apr 1981), v. 7(76) p. 10-12
_wBR8101031
909 _a202311
_bLúcia
_c55
_dLúcia Elande
942 _2AGRIS
_n0
_cANA
999 _c105805
_d105805